[Event "Euro Online U2300 Day 2"]
[Site "chess.com INT"]
[Date "2020.05.26"]
[Round "3"]
[White "Papakonstantinou, Dimitrios1"]
[Black "Tsomaia, Nikoloz"]
[Result "0-1"]
[WhiteElo "2250"]
[BlackElo "2240"]
[WhiteFideId "4218655"]
[BlackFideId "13611518"]
[EventDate "2020.05.26"]

1. e4 e5 2. Nf3 Nc6 3. Bb5 a6 4. Ba4 Nf6 5. O-O Be7 6. Re1 b5 7. Bb3 d6 8. c3
O-O 9. h3 Nb8 10. d4 Nbd7 11. Nbd2 Bb7 12. Bc2 Re8 13. Nf1 Bf8 14. Ng3 g6 15. a4
c5 16. d5 c4 17. Bg5 h6 18. Be3 Nc5 19. Qd2 h5 20. Bg5 Be7 21. Nf1 Nfd7 22. Be3
Qc7 23. a5 Bf6 24. g4 hxg4 25. hxg4 Kh7 26. g5 Be7 27. Kg2 Rh8 28. N1h2 Kg7 29.
Ng4 Rh5 30. Rh1 Rah8 31. Nh6 Rxh1 32. Rxh1 Qxa5 33. Nh4 Qd8 34. Qc1 Nd3 35. Bxd3
cxd3 36. Rh3 Nc5 37. f3 Nb3 38. Qh1 Bc8 39. Rg3 Kf8 40. Qd1 Rxh6 41. gxh6 Bxh4
42. Qh1 Kg8 43. f4 Bxg3 44. Kxg3 exf4+ 45. Bxf4 Qd7 46. Qh4 d2 47. Qf6 Qg4+ 48.
Kf2 Qxf4+ 49. Qxf4 d1=Q 50. Qf6 Qd2+ 51. Kg1 Qxh6 52. Qd8+ Kg7 53. Qxc8 Qe3+ 54.
Kh2 Qxe4 0-1

[Event "Euro Online U2300 Day 2"]
[Site "chess.com INT"]
[Date "2020.05.26"]
[Round "3"]
[White "Sjoberg, Isak"]
[Black "Plaksin, Igor"]
[Result "0-1"]
[WhiteElo "2189"]
[BlackElo "1868"]
[WhiteFideId "1521640"]
[BlackFideId "34182117"]
[EventDate "2020.05.26"]

1. e4 c5 2. Nf3 d6 3. d4 cxd4 4. Qxd4 Nc6 5. Bb5 Qa5+ 6. Nc3 Bd7 7. Bxc6 bxc6 8.
O-O e5 9. Qd3 h6 10. Rd1 Nf6 11. Nd2 Be6 12. Nc4 Bxc4 13. Qxc4 Rc8 14. Ne2 Be7
15. Ng3 g6 16. h3 Kf8 17. Be3 Kg7 18. b4 Qc7 19. Qa6 d5 20. Bc5 Bxc5 21. bxc5 d4
22. c3 Rhd8 23. cxd4 exd4 24. Rab1 Qe5 25. Qc4 Nxe4 26. Rb7 Ng5 27. Rxa7 Ne6 28.
Ne2 d3 29. Ng3 Qxc5 30. Qxc5 Nxc5 31. Ra5 Ne6 32. Ra3 Nf4 33. Ra4 Ne2+ 34. Kf1
Nc3 0-1

[Event "Euro Online U2300 Day 2"]
[Site "chess.com INT"]
[Date "2020.05.26"]
[Round "3"]
[White "Khalafova, Narmin"]
[Black "Pedersen, Henrik Dahl"]
[Result "1-0"]
[WhiteTitle "WGM"]
[WhiteElo "2279"]
[BlackElo "2225"]
[WhiteFideId "13402625"]
[BlackFideId "1404199"]
[EventDate "2020.05.26"]

1. e4 c6 2. Nc3 d5 3. Nf3 Bg4 4. h3 Bxf3 5. Qxf3 e6 6. d3 Bb4 7. Bd2 d4 8. Ne2
Bxd2+ 9. Kxd2 e5 10. Qg3 Qf6 11. f4 exf4 12. Nxf4 Nd7 13. Be2 Ne7 14. Raf1 O-O
15. Kc1 Qe5 16. Kb1 Ng6 17. Nh5 Qxg3 18. Nxg3 Nde5 19. Nf5 Rfd8 20. h4 Rd7 21.
g4 Ne7 22. g5 Nxf5 23. Rxf5 Re7 24. c3 c5 25. cxd4 cxd4 26. Rc1 g6 27. Rf6 Kg7
28. Rd6 Nc6 29. Bd1 Re6 30. Rxe6 fxe6 31. Ba4 Rc8 32. Bxc6 bxc6 33. Rc5 Kf7 34.
Kc2 Ke7 35. b4 Kd7 36. Ra5 Ra8 37. Kb3 Kd6 38. Kc4 e5 39. Ra6 Kc7 40. Kc5 Kb7
41. Rxc6 Rf8 42. Rf6 Rc8+ 43. Kd5 Rc3 44. Rf3 Ra3 45. Kxe5 Rxa2 46. Kxd4 Kc6 47.
Rf6+ Kb5 48. Rf7 Ra4 49. Kd5 Kxb4 50. e5 Kc3 51. e6 Rd4+ 52. Kc6 Rxd3 53. e7 Re3
54. Kd7 Rd3+ 55. Kc6 Re3 56. Rf3 Rxf3 57. e8=Q a5 58. Qe5+ Kd3 59. Qd5+ Ke3 60.
Qxa5 Rf4 61. Qc3+ Ke4 62. Kd6 Kf5 63. Qh3+ Rg4 64. Ke7 Kf4 65. Kf6 Rg3 66. Qe6
Rf3 67. Kg7 Kg3 68. Kxh7 Kxh4 69. Kxg6 Rg3 70. Qe4+ Kh3 1-0

[Event "Euro Online U2300 Day 2"]
[Site "chess.com INT"]
[Date "2020.05.26"]
[Round "3"]
[White "Kacprzak, Karol"]
[Black "Grebnev, Aleksey"]
[Result "0-1"]
[WhiteElo "1988"]
[BlackElo "2223"]
[WhiteFideId "21819327"]
[BlackFideId "34189030"]
[EventDate "2020.05.26"]

1. d4 Nf6 2. Nf3 g6 3. c4 Bg7 4. Nc3 O-O 5. e4 d6 6. Be2 Nbd7 7. O-O e5 8. Qc2
a5 9. Rd1 exd4 10. Nxd4 Nc5 11. f3 Re8 12. Be3 a4 13. Rac1 Nfd7 14. b4 axb3 15.
axb3 c6 16. b4 Ne6 17. Nxe6 Rxe6 18. Rd3 Ra3 19. Qb2 Ra8 20. Rdd1 Qf8 21. Bf1
Re8 22. Qd2 Ra3 23. Qb2 Ra8 24. Qb3 Be5 25. Ne2 Qe7 26. Bd4 Nf6 27. Nc3 Kg7 28.
Bxe5 dxe5 29. c5 Nh5 30. Bc4 Nf4 31. g3 Ne6 32. Ne2 Ng5 33. Qc3 Qf6 34. Rd3 Be6
35. Bxe6 Rxe6 36. Qb3 Ree8 37. Rcd1 h5 38. h4 Ne6 39. Kg2 Rad8 40. Rd6 Rxd6 41.
Rxd6 Rd8 42. Qd3 Ra8 43. Rd7 Ra2 44. Kf1 g5 45. hxg5 Nxg5 46. Ng1 Ne6 47. Ne2 h4
48. gxh4 Qxh4 49. Qe3 Qh1+ 50. Kf2 Nf4 51. Rd2 Qh2+ 52. Kf1 Ra1+ 0-1

[Event "Euro Online U2300 Day 2"]
[Site "chess.com INT"]
[Date "2020.05.26"]
[Round "3"]
[White "Tsereteli, Tornike"]
[Black "Hakobyan, Hakob V."]
[Result "0-1"]
[WhiteElo "1735"]
[BlackElo "2070"]
[WhiteFideId "13612565"]
[BlackFideId "13308807"]
[EventDate "2020.05.26"]

1. e4 Nc6 2. Nf3 d6 3. d4 Nf6 4. Nc3 g6 5. Bc4 Bg7 6. O-O O-O 7. h3 e5 8. Be3
exd4 9. Nxd4 Re8 10. Nxc6 bxc6 11. Bg5 h6 12. Bxf6 Bxf6 13. Qf3 Be6 14. Bxe6
Rxe6 15. Rfe1 Rb8 16. b3 Qf8 17. Rad1 Qg7 18. Ne2 Be5 19. Qe3 c5 20. Nf4 Bxf4
21. Qxf4 Rbe8 22. Re3 Qb2 23. c3 Qxa2 24. Rf3 R8e7 25. Qxh6 Qxb3 26. Rd5 Qb1+
27. Kh2 Qxe4 28. Rg5 Qa8 29. Rfg3 Qf8 30. Qh4 Qg7 31. f4 Re3 32. f5 Rxg3 33.
Rxg3 Qe5 34. fxg6 fxg6 35. Qg4 Re6 36. h4 Kh7 37. Kh3 Qf5 38. Qxf5 gxf5 39. Rf3
Kg6 40. Kg3 Re4 41. Kf2 Rxh4 42. Re3 Re4 43. Rg3+ Kf6 44. Rg8 Rc4 45. Ra8 Rxc3
46. Rxa7 d5 47. Rxc7 d4 48. Rc6+ Ke5 49. Rc8 c4 50. Re8+ Kf4 51. Rd8 Rc2+ 52.
Ke1 Ke3 53. Kd1 Rxg2 54. Re8+ Kd3 55. Kc1 0-1

[Event "Euro Online U2300 Day 2"]
[Site "chess.com INT"]
[Date "2020.05.26"]
[Round "3"]
[White "Sergeev, Nikita S."]
[Black "Mammadov, Sadig"]
[Result "1/2-1/2"]
[BlackTitle "FM"]
[WhiteElo "1335"]
[BlackElo "2237"]
[WhiteFideId "34253670"]
[BlackFideId "13408712"]
[EventDate "2020.05.26"]

1. d4 Nf6 2. c4 g6 3. Nc3 Bg7 4. e4 d6 5. f3 O-O 6. Be3 e5 7. d5 Nh5 8. g4 Nf4
9. Nge2 Qh4+ 10. Bf2 Qe7 11. Bg3 f5 12. gxf5 gxf5 13. Qd2 Nh5 14. O-O-O Kh8 15.
Re1 Qf6 16. Qc2 Na6 17. a3 Nc5 18. Kb1 a5 19. Bf2 fxe4 20. Bxc5 exf3 21. Ng3
Nxg3 22. hxg3 Bf5 23. Bd3 dxc5 24. Ne4 Qg6 25. Ref1 h6 26. Rxf3 b6 27. Rhf1 Bh3
28. Rxf8+ Rxf8 29. Rxf8+ Bxf8 30. Nf2 Qxg3 31. Nxh3 Qxh3 32. Qe2 Bg7 33. Qe4 Kg8
34. Qg6 Qd7 35. Bf5 Qe7 36. Be4 a4 37. Qf5 Bf8 38. Qg6+ Bg7 39. Qf5 Qf8 40. Qh7+
Kf7 41. Qg6+ Kg8 42. Qh7+ Kf7 43. Qg6+ Kg8 44. Qh7+ 1/2-1/2

[Event "Euro Online U2300 Day 2"]
[Site "chess.com INT"]
[Date "2020.05.26"]
[Round "3"]
[White "Yelisieiev, Yevhenii"]
[Black "Ogloblin, Nikolay"]
[Result "1/2-1/2"]
[WhiteTitle "IM"]
[BlackTitle "IM"]
[WhiteElo "2407"]
[BlackElo "2346"]
[WhiteFideId "14139642"]
[BlackFideId "4139658"]
[EventDate "2020.05.26"]

1. d4 Nf6 2. Nf3 e6 3. c4 b6 4. e3 Bb7 5. Bd3 Bb4+ 6. Nbd2 O-O 7. a3 Be7 8. e4
d5 9. e5 Ne4 10. Qc2 Ng5 11. Nxg5 Bxg5 12. Bxh7+ Kh8 13. Bd3 dxc4 14. Be4 Bxe4
15. Qxe4 Qd5 16. f4 Qxe4+ 17. Nxe4 Be7 18. Be3 Nc6 19. O-O Rad8 20. Rad1 Rd7 21.
f5 Rfd8 22. f6 Bf8 23. fxg7+ Bxg7 24. Bg5 Rc8 25. Be3 Rcd8 26. Bg5 Rc8 27. Be3
Kg8 28. Nf6+ Bxf6 29. exf6 Rcd8 30. Rf4 Rd5 31. Rg4+ Kf8 32. Bh6+ Ke8 33. Be3
Kd7 34. Rg7 Rf8 35. h4 Ke8 36. g4 e5 37. Rg5 Kd7 38. Rd2 Ke6 39. dxe5 Rxd2 40.
Bxd2 Nxe5 41. Kg2 Nd7 42. Bc3 Rh8 43. h5 Rh6 44. Rf5 Nxf6 45. Kf3 Nd7 46. Kf4 f6
47. Kg3 Rh7 48. Kh4 c6 49. a4 a6 50. Rf4 b5 51. Re4+ Kd6 52. Rf4 Ke6 53. Re4+
Kd5 54. Rd4+ Ke6 55. Re4+ 1/2-1/2

[Event "Euro Online U2300 Day 2"]
[Site "chess.com INT"]
[Date "2020.05.26"]
[Round "3"]
[White "Prydun, Andriy"]
[Black "Antonica, Dragos-Andrei"]
[Result "1-0"]
[WhiteTitle "FM"]
[BlackTitle "FM"]
[WhiteElo "2254"]
[BlackElo "2301"]
[WhiteFideId "14145898"]
[BlackFideId "1246372"]
[EventDate "2020.05.26"]

1. d4 Nf6 2. c4 e6 3. Nf3 b6 4. g3 Ba6 5. Qc2 d5 6. cxd5 exd5 7. Bg2 Bd6 8. O-O
O-O 9. Bg5 Nbd7 10. Nc3 h6 11. Bf4 Qe7 12. Rfe1 Rfe8 13. Rac1 Rac8 14. Qa4 Bb7
15. Bxd6 Qxd6 16. Nb5 Qe7 17. Qxa7 Ba8 18. Rxc7 Qb4 19. Qa6 Rcd8 20. Nc3 Qxb2
21. Qb5 Qa3 22. Qb3 Qd6 23. Nb5 Qe7 24. e3 Ne4 25. Rec1 Qf6 26. R1c2 g5 27. Ne1
Kg7 28. Nd3 h5 29. Nb4 Nf8 30. Ra7 h4 31. Nc7 hxg3 32. hxg3 Re7 33. Ncxd5 Bxd5
34. Nxd5 Rxd5 35. Rxe7 Qxe7 36. Qxd5 Nf6 37. Qxg5+ Ng6 38. Rc6 Qd8 39. Be4 b5
40. Bxg6 fxg6 41. Qxf6+ Qxf6 42. Rxf6 Kxf6 43. Kf1 Ke6 44. Ke2 Kd5 45. Kd3 b4
46. f4 Kd6 47. e4 Kc6 48. Kc4 Kd6 49. g4 Ke6 50. g5 Kd6 51. Kxb4 Ke6 52. Kc4 Kd6
53. Kb5 Ke6 54. Kc6 Ke7 55. d5 Kd8 56. Kd6 Ke8 57. Kc7 Kf8 58. d6 Kg7 59. d7 Kf8
60. d8=Q+ 1-0

[Event "Euro Online U2300 Day 2"]
[Site "chess.com INT"]
[Date "2020.05.26"]
[Round "3"]
[White "Boykov, Pavel"]
[Black "Dornbusch, Tatiana"]
[Result "0-1"]
[BlackTitle "WGM"]
[WhiteElo "1788"]
[BlackElo "2268"]
[WhiteFideId "24299278"]
[BlackFideId "14107449"]
[EventDate "2020.05.26"]

1. e4 Nf6 2. e5 Nd5 3. c4 Nb6 4. d4 d6 5. exd6 exd6 6. Nc3 Be7 7. Nf3 Bg4 8. Be3
Nc6 9. Be2 O-O 10. d5 Bxf3 11. gxf3 Ne5 12. Qb3 c6 13. f4 Ned7 14. O-O-O Rc8 15.
Kb1 cxd5 16. Nxd5 Nxd5 17. Rxd5 Nb6 18. Rd2 Qc7 19. Rc1 Rfd8 20. Bg4 Nd7 21. Qb5
a6 22. Qf5 g6 23. Qd3 f5 24. Bf3 Nf6 25. Rdd1 Kg7 26. h4 Qd7 27. h5 gxh5 28. Bd4
Kf8 29. Bxf6 Bxf6 30. Bxh5 d5 31. cxd5 Rxc1+ 32. Kxc1 Qc7+ 33. Kb1 Qxf4 34. Qb3
b5 35. d6 Qe4+ 36. Ka1 Qc4 37. Qxc4 bxc4 38. d7 Ke7 39. Be8 Rb8 40. Rd2 c3 41.
Re2+ Kd8 0-1

[Event "Euro Online U2300 Day 2"]
[Site "chess.com INT"]
[Date "2020.05.26"]
[Round "3"]
[White "Nalbant, Tuna Onat"]
[Black "Rusu, Vlad"]
[Result "1-0"]
[WhiteTitle "IM"]
[WhiteElo "2372"]
[BlackElo "1833"]
[WhiteFideId "6372821"]
[BlackFideId "55623344"]
[EventDate "2020.05.26"]

1. e4 e5 2. Nf3 Nc6 3. Bb5 Nf6 4. d3 Bc5 5. O-O d6 6. Bg5 h6 7. Bh4 g5 8. Bg3
Bg4 9. Nbd2 Nh5 10. a4 O-O 11. Nb3 Nxg3 12. hxg3 f5 13. Nxc5 dxc5 14. Bxc6 bxc6
15. Qe1 Bxf3 16. gxf3 f4 17. g4 Kg7 18. Kg2 Qd4 19. Ra3 Qxb2 20. Qc3 Rab8 21.
Qxb2 Rxb2 22. Rc3 Rf6 23. Rxc5 Re6 24. Ra5 Rxc2 25. Rxa7 Rd6 26. Rxc7+ Kg6 27.
Rd1 Rd4 28. a5 Ra4 29. Rb1 Raa2 30. Kh3 Kf6 31. Rb6 Ke6 32. Rcxc6+ Rxc6 33.
Rxc6+ Kd7 34. Rxh6 Rxf2 35. a6 Rxf3+ 36. Kg2 Rxd3 37. a7 Ra3 38. Rh8 Ra2+ 39.
Kf3 Ra3+ 40. Ke2 Ra2+ 41. Kd3 Ra3+ 42. Kc2 Rxa7 43. Rh7+ Kd6 44. Rxa7 1-0

[Event "Euro Online U2300 Day 2"]
[Site "chess.com INT"]
[Date "2020.05.26"]
[Round "3"]
[White "Strybuk, Artsiom I"]
[Black "Dudin, Gleb"]
[Result "0-1"]
[WhiteTitle "FM"]
[BlackTitle "FM"]
[WhiteElo "2215"]
[BlackElo "2387"]
[WhiteFideId "13515659"]
[BlackFideId "34184934"]
[EventDate "2020.05.26"]

1. d4 d5 2. c4 c6 3. Nf3 Nf6 4. e3 Bf5 5. Nc3 e6 6. Nh4 Bg6 7. Qb3 Qb6 8. Nxg6
hxg6 9. Bd2 Nbd7 10. h3 Be7 11. Be2 O-O 12. Qxb6 axb6 13. O-O-O dxc4 14. Bxc4 b5
15. Bb3 Rfd8 16. Kb1 e5 17. Ne2 Ne4 18. Be1 exd4 19. Nxd4 Ne5 20. Bc2 Nf6 21.
Bd2 Nd5 22. Bc1 Nb4 23. Bb3 Nbd3 24. Rhf1 Nxc1 25. Kxc1 Bf6 26. a3 Kf8 27. Kc2
Ke7 28. Ne2 Nd7 29. Rd2 Nc5 30. Rfd1 Rxd2+ 31. Rxd2 Ne4 32. Rd1 Nxf2 33. Rf1 Ne4
34. Nf4 Rd8 35. Nd3 g5 36. Ba2 c5 37. Rd1 c4 38. Nb4 Rxd1 39. Kxd1 Bxb2 40. Nd5+
Kd6 41. Nb6 Bxa3 42. Kc2 Bc5 43. Nc8+ Kc7 0-1

[Event "Euro Online U2300 Day 2"]
[Site "chess.com INT"]
[Date "2020.05.26"]
[Round "3"]
[White "Hasanagic, Anel"]
[Black "Petrova, Irina"]
[Result "1-0"]
[WhiteTitle "CM"]
[BlackTitle "WIM"]
[WhiteElo "2235"]
[BlackElo "2087"]
[WhiteFideId "14605791"]
[BlackFideId "14124122"]
[EventDate "2020.05.26"]

1. g3 d5 2. Bg2 c6 3. d3 Nf6 4. Nc3 Bf5 5. e4 Bg4 6. f3 Bc8 7. e5 d4 8. Nce2
Qa5+ 9. Bd2 Qxe5 10. f4 Qd6 11. Nf3 c5 12. O-O Nc6 13. Re1 Bg4 14. Ne5 e6 15. h3
Bxe2 16. Qxe2 Be7 17. Nc4 Qc7 18. f5 Qxg3 19. fxe6 O-O 20. exf7+ Rxf7 21. Rf1
Raf8 22. Bf4 Qg6 23. Nd6 Bxd6 24. Bxd6 Re8 25. Qf2 Qg5 26. Kh1 Nd8 27. Rae1 Ne4
28. Bxe4 Rxf2 29. Rxf2 Nf7 30. Bh2 g6 31. Ref1 Ne5 32. Bf4 Qh4 33. Kg2 Nc6 34.
Bg3 Qg5 35. h4 Qg4 36. Bd5+ Kg7 37. Rf7+ Kh6 38. Bf3 Qe6 39. Bf4+ g5 40. hxg5+
Kg6 41. Rf6+ Qxf6 42. gxf6 Kxf6 43. Bxc6 bxc6 44. Bd6+ Kg6 45. Bxc5 Re2+ 46. Rf2
Rxf2+ 47. Kxf2 h5 48. Bxa7 h4 49. Bxd4 h3 50. Kg3 1-0

[Event "Euro Online U2300 Day 2"]
[Site "chess.com INT"]
[Date "2020.05.26"]
[Round "3"]
[White "Musovic, Armin"]
[Black "Gasimov, Parviz"]
[Result "1-0"]
[WhiteTitle "FM"]
[BlackTitle "FM"]
[WhiteElo "2219"]
[BlackElo "2337"]
[WhiteFideId "939935"]
[BlackFideId "13408798"]
[EventDate "2020.05.26"]

1. a3 Nf6 2. Nc3 d5 3. d3 g6 4. Bg5 Bg7 5. e4 d4 6. Nce2 c5 7. h3 O-O 8. f4 Nc6
9. Nf3 Qc7 10. g4 e5 11. f5 h6 12. Bd2 Nh7 13. Bg2 g5 14. h4 f6 15. Ng3 Bd7 16.
hxg5 fxg5 17. Nh5 Bh8 18. Qe2 Be8 19. Qf2 Bxh5 20. Rxh5 Bg7 21. Qg3 Qe7 22. Ke2
Nd8 23. Rah1 Nf7 24. R5h2 Rac8 25. Rh5 Rc6 26. Ne1 Rfc8 27. Bf3 c4 28. Kf1 cxd3
29. cxd3 Qc5 30. Bd1 Qb5 31. b4 Nf6 32. a4 Nxh5 33. Rxh5 Qb6 34. Bb3 Bf8 35. b5
Rc5 36. Ke2 Qf6 37. Nf3 Bd6 38. Qh2 Bf8 39. Be6 Re8 40. Bb3 Re7 41. Nxg5 hxg5
42. Rxg5+ Bg7 43. Rg6 Kf8 44. Rxf6 Bxf6 45. Bxf7 Rxf7 46. g5 Bg7 47. Bb4 b6 48.
f6 Bxf6 49. gxf6 Rxf6 50. Bxc5+ bxc5 51. Qxe5 1-0

[Event "Euro Online U2300 Day 2"]
[Site "chess.com INT"]
[Date "2020.05.26"]
[Round "3"]
[White "Trokhymyshyn, Sergii"]
[Black "Kamer, Kayra"]
[Result "1/2-1/2"]
[BlackTitle "FM"]
[WhiteElo "2157"]
[BlackElo "2325"]
[WhiteFideId "14135604"]
[BlackFideId "6367879"]
[EventDate "2020.05.26"]

1. e4 c5 2. Nf3 e6 3. b3 b6 4. d4 cxd4 5. Nxd4 Bb7 6. Bd3 Nc6 7. Bb2 Nf6 8. Nd2
Be7 9. O-O O-O 10. Nxc6 Bxc6 11. e5 Nd5 12. Qg4 f5 13. exf6 Bxf6 14. Qh5 h6 15.
Bxf6 Qxf6 16. Ne4 Qf5 17. Qxf5 Rxf5 18. Nd6 Rf6 19. c4 Nf4 20. Be4 Bxe4 21. Nxe4
Rg6 22. g3 d5 23. Nd2 Ne2+ 24. Kg2 d4 25. f4 Rf8 26. Kf3 Nc3 27. Rfe1 Rgf6 28.
Ne4 Nxe4 29. Kxe4 g5 30. fxg5 hxg5 31. Kxd4 Rf2 32. Rxe6 Rd8+ 33. Kc3 a5 34.
Rae1 Rxa2 35. Re8+ Rxe8 36. Rxe8+ Kf7 37. Rb8 Rxh2 38. Rxb6 Rg2 39. c5 Rxg3+ 40.
Kc4 Rg1 41. Kd5 g4 42. Rb7+ Kf6 43. c6 g3 44. c7 Rd1+ 45. Kc6 g2 46. Rb6 g1=Q
47. Kb7+ Ke7 48. c8=Q Rd7+ 49. Ka6 Qf1+ 50. Qc4 Qxc4+ 51. bxc4 a4 52. Kb5 Ra7
53. Rh6 Rb7+ 54. Kxa4 Rb1 55. Ka5 Kd7 56. Rb6 Rh1 57. Kb5 Rh5+ 58. c5 Rh1 59.
Rb7+ Kc8 60. Rg7 Rh6 61. Re7 Rg6 1/2-1/2

[Event "Euro Online U2300 Day 2"]
[Site "chess.com INT"]
[Date "2020.05.26"]
[Round "3"]
[White "Martirosyan, Haik M."]
[Black "Sirosh, Ilja"]
[Result "1/2-1/2"]
[WhiteTitle "GM"]
[BlackTitle "IM"]
[WhiteElo "2617"]
[BlackElo "2405"]
[WhiteFideId "13306553"]
[BlackFideId "4500458"]
[EventDate "2020.05.26"]

1. d4 Nf6 2. Nf3 c5 3. d5 b5 4. Bg5 g6 5. Bxf6 exf6 6. e3 b4 7. a3 Bg7 8. Nbd2
O-O 9. axb4 cxb4 10. Be2 f5 11. Nc4 d6 12. O-O a5 13. Nd4 Qc7 14. Nb5 Qc5 15.
Nbxd6 Rd8 16. Nxc8 Rxc8 17. Ra4 Nd7 18. b3 Nb6 19. Nxb6 Qxb6 20. Bc4 Rd8 21. Qd3
Rac8 22. g3 Rc5 23. Rd1 Qd6 24. Kg2 h5 25. Qe2 Rdc8 26. Qf3 Bc3 27. Qf4 Be5 28.
Qf3 Kg7 29. h3 Rh8 30. Rh1 Qf6 31. g4 hxg4 32. hxg4 Rxh1 33. Kxh1 fxg4 34. Qxf6+
Kxf6 35. Kg2 Ke7 36. Kf1 f5 37. Ke2 Kd6 38. Kd3 Bc3 39. Ke2 Ke5 40. Kf1 Kd6 41.
Kg2 Kc7 42. Kg3 Be5+ 43. f4 gxf3+ 44. Kxf3 g5 45. Bd3 Rxd5 46. Bxf5 Kb6 47. Kg4
Bf6 48. Bd3 Bc3 49. Bf5 Bf6 50. Bd3 Rc5 51. Bf5 Kc7 52. Bd3 Kd6 53. Kf3 Bc3 54.
Kg4 Ke7 55. Bc4 Kf6 56. Bd3 Ke6 57. Bc4+ Ke5 58. Bd3 Kf6 59. Bc4 Rf5 60. Bd3 Re5
61. Kf3 Kg7 62. Kg4 Kh6 63. Bf5 Rc5 64. Bd3 Re5 65. Bf5 Rc5 66. Be6 Re5 67. Bc4
Kg7 68. Bd3 Kf6 69. Kf3 Rc5 70. Kg4 Re5 1/2-1/2

[Event "Euro Online U2300 Day 2"]
[Site "chess.com INT"]
[Date "2020.05.26"]
[Round "3"]
[White "Budisavljevic, Luka"]
[Black "Lopez Varela, Pablo"]
[Result "1-0"]
[WhiteTitle "FM"]
[WhiteElo "2444"]
[BlackElo "2177"]
[WhiteFideId "960047"]
[BlackFideId "32092105"]
[EventDate "2020.05.26"]

1. d4 Nf6 2. Nf3 b6 3. e3 Bb7 4. Bd3 g6 5. O-O Bg7 6. Qe2 d5 7. c4 e6 8. Nc3 O-O
9. e4 dxe4 10. Nxe4 Nbd7 11. Bg5 h6 12. Bh4 g5 13. Bg3 Nxe4 14. Bxe4 Bxe4 15.
Qxe4 Nf6 16. Qe2 Qe7 17. h4 Nh5 18. hxg5 Nxg3 19. fxg3 hxg5 20. Qe3 Rad8 21.
Rad1 g4 22. Ne5 Bxe5 23. dxe5 Qc5 24. Qxc5 bxc5 25. Kf2 Kg7 26. Ke3 Kg6 27. Rf6+
Kg7 28. Rxd8 Rxd8 29. Rf4 Kg6 30. Rxg4+ Kf5 31. Rf4+ Kxe5 32. Rxf7 Rd4 33. b3
Kd6 34. Rf8 Kd7 35. Ra8 Rd1 36. Rxa7 Ra1 37. g4 e5 38. g5 Re1+ 39. Kf2 Re4 40.
Kg3 Rf4 41. Ra5 Kd6 42. Ra6+ c6 43. Ra7 Rf8 44. g6 e4 45. g7 Rg8 46. Kf4 Re8 47.
Ke3 1-0

[Event "Euro Online U2300 Day 2"]
[Site "chess.com INT"]
[Date "2020.05.26"]
[Round "3"]
[White "Hansch, Karsten"]
[Black "Tomilova, Elena"]
[Result "1-0"]
[WhiteTitle "FM"]
[BlackTitle "WGM"]
[WhiteElo "2300"]
[BlackElo "2353"]
[WhiteFideId "24692239"]
[BlackFideId "4162340"]
[EventDate "2020.05.26"]

1. e4 e6 2. d4 d5 3. exd5 exd5 4. Nf3 Nc6 5. Bb5 Bd6 6. c4 dxc4 7. d5 a6 8. Ba4
b5 9. dxc6 bxa4 10. O-O Ne7 11. Nbd2 Be6 12. Qxa4 O-O 13. Nxc4 Bd5 14. Nd4 Rb8
15. a3 Bc5 16. Rd1 Nxc6 17. Nxc6 Bxc6 18. Rxd8 Bxa4 19. Rxb8 Rxb8 20. Bf4 Bb5
21. Rc1 Be7 22. Bxc7 Rc8 23. Nb6 Re8 24. a4 Be2 25. Nd5 Bf8 26. f3 f6 27. Kf2
Bd3 28. Nf4 Bf5 29. g4 Bd7 30. b3 g5 31. Nd5 Kf7 32. Bb6 Be6 33. Nc7 Rc8 34. Rc3
Bd6 35. Ba5 Bxh2 36. Nxe6 Rxc3 37. Nxg5+ fxg5 38. Bxc3 Ke6 39. Ke3 Kd5 40. Bf6
Bf4+ 41. Kd3 Kc5 42. Be7+ Kd5 43. b4 h6 44. b5 axb5 45. axb5 Bc7 46. Bf8 Bf4 47.
Bxh6 Kc5 48. Ke4 Kxb5 49. Kf5 Kc5 50. Bxg5 Bd6 51. Bf6 Kd5 52. g5 Bf8 53. g6 1-0

[Event "Euro Online U2300 Day 2"]
[Site "chess.com INT"]
[Date "2020.05.26"]
[Round "3"]
[White "Materia, Marco"]
[Black "Stabulnieks, Klavs"]
[Result "1-0"]
[WhiteTitle "FM"]
[WhiteElo "2269"]
[BlackElo "2204"]
[WhiteFideId "45150451"]
[BlackFideId "11603984"]
[EventDate "2020.05.26"]

1. d4 Nf6 2. c4 g6 3. Nc3 Bg7 4. e4 d6 5. Nf3 O-O 6. Be2 e5 7. d5 a5 8. Bg5 Nbd7
9. Nd2 Nc5 10. O-O Bd7 11. b3 h6 12. Bh4 Qe8 13. a3 Nh7 14. b4 axb4 15. axb4
Rxa1 16. Qxa1 Na6 17. Qa3 f5 18. f3 g5 19. Bf2 f4 20. c5 Nb8 21. Nc4 Rf6 22. b5
Bf8 23. c6 bxc6 24. bxc6 Bc8 25. Nd2 g4 26. fxg4 Rg6 27. Rb1 Bxg4 28. Bf1 Ng5
29. Kh1 Nxc6 30. dxc6 Qxc6 31. Bb5 d5 32. Bxc6 Bxa3 33. Bxd5+ Kf8 34. Nc4 Bd6
35. Nxd6 cxd6 36. Rb8+ Ke7 37. Rg8 Rxg8 38. Bxg8 f3 39. Bh4 Kf6 40. gxf3 Bxf3+
41. Kg1 Kg7 42. Bd5 Bg4 43. Kf2 Kf6 44. Ke3 Ke7 45. Nb5 Kd7 46. Bf2 Bd1 47. h4
Nh7 48. Be1 Nf6 49. Bf7 Ba4 50. Nc3 Bc6 51. Bd2 Ke7 52. Bc4 Kf8 53. Kd3 Kg7 54.
Bc1 Kg6 55. Ba3 Nxe4 56. Nxe4 d5 57. Bb3 dxe4+ 58. Ke3 Kh5 59. Be7 Kg4 60. Be6+
Kg3 61. Bf5 Bb7 62. Bxe4 Bc8 63. Bg6 Bg4 64. Ke4 Kh3 65. Kxe5 Kg3 66. h5 Be2 67.
Kf6 Bc4 68. Kg7 Kf4 69. Kxh6 Ke5 70. Kg7 1-0

[Event "Euro Online U2300 Day 2"]
[Site "chess.com INT"]
[Date "2020.05.26"]
[Round "3"]
[White "Skalsky, Alexandr"]
[Black "Miletic, Vuk"]
[Result "0-1"]
[WhiteElo "2251"]
[BlackElo "2159"]
[WhiteFideId "381799"]
[BlackFideId "16503406"]
[EventDate "2020.05.26"]

1. e4 c5 2. Nf3 Nc6 3. d4 cxd4 4. Nxd4 g6 5. c4 Nf6 6. Nc3 Nxd4 7. Qxd4 d6 8.
Be2 Bg7 9. Be3 O-O 10. Qd2 a5 11. Rc1 a4 12. f3 Be6 13. Kf2 Nd7 14. Nd5 Nc5 15.
g4 f5 16. gxf5 gxf5 17. Rhg1 Rf7 18. Bh6 Bxd5 19. exd5 Qf8 20. Rxg7+ Rxg7 21.
Rg1 Ne4+ 22. fxe4 fxe4+ 23. Ke3 Rxg1 24. Bxf8 Rxf8 25. Kxe4 Rg2 26. Qe3 Rff2 27.
Bh5 Rxb2 28. Qf3 Rbf2 29. Qh3 Rg6 30. Bxg6 hxg6 31. Qg3 Rf6 32. h4 Kf7 33. Qg5
Rf1 34. Qg2 Re1+ 35. Kd3 Re5 36. Qf2+ Rf5 37. Qb6 Rf3+ 38. Ke2 Rf4 39. Qxb7 Rxc4
40. Qb2 Rxh4 41. Kf3 Rh3+ 42. Ke4 Rh4+ 43. Ke3 Rh5 44. Qb5 a3 45. Qb3 Rh3+ 46.
Kd2 Rxb3 47. axb3 a2 48. Kc2 a1=Q 0-1

[Event "Euro Online U2300 Day 2"]
[Site "chess.com INT"]
[Date "2020.05.26"]
[Round "3"]
[White "Skliarov, Viktor"]
[Black "Taspinar, Yanki"]
[Result "1-0"]
[WhiteTitle "IM"]
[BlackTitle "CM"]
[WhiteElo "2376"]
[BlackElo "2178"]
[WhiteFideId "14106736"]
[BlackFideId "34561188"]
[EventDate "2020.05.26"]

1. e4 e5 2. Nc3 Nf6 3. Bc4 Nc6 4. d3 Na5 5. Nge2 Nxc4 6. dxc4 Bc5 7. O-O d6 8.
Ng3 Be6 9. Qd3 a6 10. b3 O-O 11. a4 Ne8 12. Ba3 g6 13. Bxc5 dxc5 14. Rad1 Ng7
15. Qe3 Qe7 16. a5 b6 17. Na4 Rab8 18. h3 Bd7 19. Nc3 Bc6 20. Nd5 Bxd5 21. exd5
f5 22. f4 e4 23. Ra1 b5 24. cxb5 Rxb5 25. Ra4 Qd6 26. Ne2 Ne8 27. Nc3 Rb7 28.
Rc4 Nf6 29. Rxc5 Rb4 30. Rd1 Nh5 31. Ne2 Rd8 32. Qc3 Rb7 33. Rc6 Qe7 34. Rxa6
Rb5 35. Rc6 Rb7 36. a6 Ra7 37. b4 Ng7 38. b5 Ne8 39. Qc5 Qxc5+ 40. Rxc5 Nd6 41.
c4 e3 42. Nd4 Ne4 43. Rc6 Re8 44. Re1 Nc3 45. Ne6 e2 46. Rxc7 Raa8 47. Kf2 Rac8
48. Rxc8 Rxc8 49. a7 Ra8 50. b6 1-0